000 00244nam a22001097a 4500
999 _c262035
_d262034
020 _a9780064442435
100 _aAlyssa Satin
245 _aBiscuit Finds a Friend
260 _aNew Year
_bHarper Collins
_c1997
300 _a24 pgs
942 _cBK